| 000 | 00441nam a2200181Ia 4500 | ||
|---|---|---|---|
| 008 | 230524s9999 xx 000 0 und d | ||
| 020 | _a8174013253 | ||
| 082 |
_a415 _bCHA |
||
| 100 | _aJ.K. Chand | ||
| 245 | 2 | _aA Millennum Guide to Writting and speaking English | |
| 250 | _a4TH | ||
| 260 |
_aCUTTACK _bFriends _c2004 |
||
| 300 | _aVII;480 | ||
| 500 | _aQuantity Number: 55 | ||
| 650 | _aEnglish | ||
| 700 | _a B. C. Das | ||
| 942 | _cBK | ||
| 999 |
_c708 _d708 |
||